00385nam a2200157Ia 4500001000500000005001700005008004100022041000800063082001900071100004500090245003400135260000900169300003300178650000800211654000800219374120260306145705.0260306t2011||||xx |||||||||||||| ||spa|| aESP a302.2242bF74A aFonseca Yerena, María del SocorroeAUT 0aComunicación oral y escrita c2011 axii, 367 páginas :c27 cm. aGEN aCED